Minecraft ALL types of wood - Statistics

General Stats
  • This quiz has been taken 39 times
  • The average score is 9 of 12
Answer Stats
Hint Answer % Correct
Birch
100%
Dark Oak
97%
Oak
97%
Acacia
84%
Spruce
84%
Cherry
77%
Jungle
74%
Mangrove
74%
Nether Crimson
68%
Nether Warped
65%
Pale Oak
61%
Bamboo
58%
No matching quizzes found
Score Distribution
Percent of People with Each Score
Percentile by Number Answered
Your Score History
You have not taken this quiz